| 000 | 00496nam a22001697a 4500 | ||
|---|---|---|---|
| 003 | NUST-PNEC | ||
| 005 | 20170116180707.0 | ||
| 008 | 140929b xxu||||| |||| 00| 0 eng d | ||
| 040 | _cPNEC | ||
| 082 | _a621.38152 NAT | ||
| 100 |
_9403 _aNational Semiconductor |
||
| 245 |
_aNational Operational amplifiers databook _cNational Semiconductor |
||
| 260 |
_aCalifornia _bNational Semiconductor Corporation |
||
| 300 |
_axxx, (various paging). _bill. : _c23 cm. |
||
| 650 | _xEE, EL | ||
| 942 |
_2ddc _cBK |
||
| 999 |
_c60791 _d60791 |
||